| 000 | 00886nas a2200265 4500 | ||
|---|---|---|---|
| 001 | BR2015000496 | ||
| 003 | BR-BrBNA | ||
| 005 | 20231205124935.0 | ||
| 007 | ta | ||
| 008 | 230509b bl.|||p| |||| 00| 00por d | ||
| 040 |
_aBR-BrBNA _bpor _cBiblioteca Nacional de Agricultura |
||
| 041 | _a(Pt) | ||
| 072 | _aP35 | ||
| 100 | 1 | _aCarmo, J.B. do | |
| 100 | 1 | _aAndrade, C.A. de | |
| 100 | 1 | _aCerri, C.C. | |
| 100 | 1 | _aPiccolo, M. de C. | |
| 245 | 1 | _aDisponibilidade de nitrogênio e fluxos de N20 a partir de solo sob pastagem após aplicação de herbicida | |
| 650 | _aFERTILIDADE DO SOLO | ||
| 650 | _aAMAZÔNIA | ||
| 773 | 0 |
_tRevista Brasileira de Ciência do Solo (Brazil) _xISSN 0100-0683 _g(Sep-Oct 2005), v. 29(5) p. 735-746 _wBR2015000496 |
|
| 856 | 4 | 0 | _uhttp://www.scielo.br/pdf/rbcs/v29n5/27885.pdf |
| 909 |
_a202311 _bLúcia _c55 _dLúcia Elande |
||
| 942 |
_2AGRIS _n0 _cANA |
||
| 999 |
_c241732 _d241732 |
||